00529nam a22001697a 450000500170000001000150001702000260003203500140005803700130007208200190008510000150010424501070011926000430022627000500026930000200031970000200033920240221170208.0 aENG-139155 c200.00a9789381899649 aEN-122687 bDBAD/PUB a621.392 first aRaja,Indra aInternational conference on mathematical computer engineering/cBy Indra Rajasingh and Kalyani desikan aTamil NadubSakthi Pathippagam c2015 a12,Anna Street ,ChitlapakkambChennaie600064 a211p.c29cm(pb) aDesikan Kalyani